मध्यकालीन हिन्दी साहित्य विविध सन्दर्भ/ (Record no. 66935)

MARC details
000 -LEADER
fixed length control field 00854nam a22001697a 4500
005 - DATE AND TIME OF LATEST TRANSACTION
control field 20120521105556.0
020 ## - INTERNATIONAL STANDARD BOOK NUMBER
International Standard Book Number 9788171248285
Terms of availability 225.00
082 ## - DEWEY DECIMAL CLASSIFICATION NUMBER
Classification number 820.8
100 ## - MAIN ENTRY--PERSONAL NAME
Personal name तिवारी, रामचन्द्र
245 ## - TITLE STATEMENT
Title मध्यकालीन हिन्दी साहित्य विविध सन्दर्भ/
Statement of responsibility, etc रामचन्द्र तिवारी
260 ## - PUBLICATION, DISTRIBUTION, ETC. (IMPRINT)
Place of publication, distribution, etc वाराणसी
Name of publisher, distributor, etc विश्वविदालय
Date of publication, distribution, etc 2011
270 ## - ADDRESS
Address चौक वाराणसी
Postal code 221001
Telephone number 0542-2413741
300 ## - PHYSICAL DESCRIPTION
Extent 180 पृ.
Dimensions 22 सेंमी. (सजिल्द)
942 ## - ADDED ENTRY ELEMENTS (KOHA)
Source of classification or shelving scheme Dewey Decimal Classification
Item type Hindi Books
Classification part 820.8
Call number suffix तिवारी
Holdings
Withdrawn status Lost status Not for loan Home library Current library Date acquired Cost, normal purchase price Full call number Cost, replacement price Koha item type
      Andrews Gunj Andrews Gunj 21/05/2012 225.00 820.8 तिवारी 225.00 Hindi Books

© Delhi Public Library
Hit Counter
free hit counter